[Event "BUKOWINA"]
[Site "SchemingMind.com"]
[Date "2007.11.11"]
[Round "-"]
[White "OffTheTopRope"]
[Black "ypsilonalpha"]
[Result "0-1"]
[WhiteCountry "USA"]
[BlackCountry "ROU"]
[WhiteElo "1259"]
[WhiteRD "208"]
[BlackElo "1751"]
[BlackRD "110"]
[GameID "128409"]

1. e4 c5 2. Nf3 d6 3. d4 Nf6 4. Nc3 cxd4 5. Nxd4 g6 6. Be3 Nc6 7. Bb5 Bd7 8. Bc4 Bg7 9. O-O Bg4 10. Qd2 O-O
11. f3 Bd7 12. Bf2 Na5 13. Bb5 Bxb5 14. Ncxb5 Nc4 15. Qb4 Ne5 16. Rfd1 a6 17. Nc3 b5 18. f4 Neg4 19. Nc6 Qc7 20. e5 Nxf2
21. exf6 Bxf6
0-1

[Event "BUKOWINA"]
[Site "SchemingMind.com"]
[Date "2007.11.14"]
[Round "-"]
[White "ypsilonalpha"]
[Black "OffTheTopRope"]
[Result "1-0"]
[WhiteCountry "ROU"]
[BlackCountry "USA"]
[WhiteElo "1751"]
[WhiteRD "110"]
[BlackElo "1259"]
[BlackRD "208"]
[GameID "128418"]

1. e4 d5 2. exd5 Qxd5 3. Nc3 Qa5 4. Qf3 Nf6 5. Bb5+ c6 6. Bc4 e6 7. d3 Bd6 8. Bd2 Qc7 9. h3 Nbd7 10. Nge2 O-O
11. Ne4 Nxe4 12. dxe4 Ne5 13. Qb3 Rd8 14. O-O-O Bc5 15. f4 Nxc4 16. Qxc4 Bf2 17. Rhf1 Bh4 18. g3 Be7 19. e5 a5 20. a4
1-0

[Event "BUKOWINA"]
[Site "SchemingMind.com"]
[Date "2007.11.20"]
[Round "-"]
[White "Tahur"]
[Black "inpassant"]
[Result "1-0"]
[WhiteCountry "ARG"]
[BlackCountry "ESP"]
[WhiteElo "1943"]
[WhiteRD "54"]
[BlackElo "1746"]
[BlackRD "138"]
[GameID "129866"]

1. e4 e5 2. Nf3 Nc6 3. Bc4 Nf6 4. d3 Be7 5. O-O O-O 6. Bb3 d5 7. exd5 Nxd5 8. Re1 Bg4 9. h3 Bh5 10. g4 Bg6
11. Nxe5 Nxe5 12. Rxe5 c6 13. Bxd5 cxd5 14. Nc3 d4 15. Rd5 Qb6 16. Ne2 Rad8 17. Nf4 Rfe8 18. a4 Qc6 19. Rxd8 Bxd8 20. Nxg6 hxg6
21. Bf4 Ba5 22. c3 dxc3 23. bxc3 Bxc3 24. Rc1 Qf6 25. Be3 Bd4 26. Bxd4 Qxd4 27. Rc7 Qb6 28. Rc4 Qd6 29. d4 b6 30. Qf3 Re1+
31. Kg2 Qd8 32. Qb7 Qf6 33. Qxa7 g5 34. Qa8+
1-0

[Event "BUKOWINA"]
[Site "SchemingMind.com"]
[Date "2007.11.25"]
[Round "-"]
[White "Schaakmaatje"]
[Black "Sjakkie"]
[Result "1-0"]
[WhiteCountry "NED"]
[BlackCountry "NED"]
[WhiteElo "1746"]
[WhiteRD "45"]
[BlackElo "1440"]
[BlackRD "77"]
[GameID "129867"]

1. e4 e5 2. f4 Nc6 3. Nf3 Nf6 4. Nc3 d6 5. Bc4 h6 6. O-O Be6 7. Bxe6 fxe6 8. fxe5 Nxe5 9. d4 Nc4 10. Qe2 Nb6
11. Be3 d5 12. Ne5 Bd6 13. Ng6 Rg8 14. e5 Nh7 15. exd6 cxd6 16. a4 Nc4 17. Qf2 Nf6 18. b3 Nxe3 19. Qxe3 Qd7 20. Rae1 Kf7
21. Nf4 a6 22. Qxe6+ Qxe6 23. Nxe6 Rgc8 24. Nxd5 Rxc2 25. Nxf6 gxf6 26. Rf2 Rxf2 27. Kxf2 Rc8 28. Re3 h5 29. d5 Rc2+ 30. Kf3 b6
31. h3 Rd2 32. Nf4 h4 33. Kg4 a5 34. Kxh4 Rd4 35. Kg3 f5 36. Kf3 Kf6 37. Re6+ Kg5 38. Rg6+ Kh4 39. g3#
1-0

[Event "BUKOWINA"]
[Site "SchemingMind.com"]
[Date "2007.11.20"]
[Round "-"]
[White "inpassant"]
[Black "Tahur"]
[Result "0-1"]
[WhiteCountry "ESP"]
[BlackCountry "ARG"]
[WhiteElo "1746"]
[WhiteRD "138"]
[BlackElo "1943"]
[BlackRD "54"]
[GameID "129874"]

1. e4 c5 2. Nc3 Nc6 3. Nf3 d6 4. d4 cxd4 5. Nxd4 Nf6 6. Bg5 a6 7. Qd2 Qb6 8. Nb3 Be6 9. Be2 Ng4 10. O-O f6
11. Bf4 g5 12. Bxg4 Bxg4 13. Be3 Qb4 14. a3 Qc4 15. f3 Be6 16. Nd5 Bxd5 17. exd5 Ne5 18. Na5 Qb5 19. a4 Qd7 20. Nb3 Nc4
21. Qe2 Nxe3 22. Qxe3 Rc8 23. Nd4 Bh6 24. Rae1 Rc5 25. Nf5 Bf8 26. Qe4 b6 27. c4 b5 28. cxb5 axb5 29. axb5 Rxb5 30. Re2 Ra5
31. b4 Ra4 32. Rb1 Kf7 33. Nd4 Qa7
0-1

[Event "BUKOWINA"]
[Site "SchemingMind.com"]
[Date "2007.11.25"]
[Round "-"]
[White "Sjakkie"]
[Black "Schaakmaatje"]
[Result "0-1"]
[WhiteCountry "NED"]
[BlackCountry "NED"]
[WhiteElo "1440"]
[WhiteRD "77"]
[BlackElo "1746"]
[BlackRD "45"]
[GameID "129875"]

1. e4 e5 2. Nf3 Nc6 3. Bc4 Bc5 4. O-O Nf6 5. d3 O-O 6. Nc3 h6 7. a3 a6 8. Be3 Bd4 9. Bd2 d6 10. Qc1 Bg4
11. Qe1 Qd7 12. Nh4 Rae8 13. Nd5 Nxd5 14. Bxd5 Ne7 15. c3 Ba7 16. Be3 Bxe3 17. Qxe3 c6 18. Bb3 Kh8 19. f3 Be6 20. Bd1 g5
21. f4 gxf4 22. Rxf4 exf4 23. Qxf4 Kh7 24. Qf6 Ng6 25. Nf5 Bxf5 26. exf5 Nf4 27. Bg4 Nxd3 28. h3 Qe7 29. Qd4 Qe3+ 30. Qxe3 Rxe3
31. Rb1 Re1+ 32. Rxe1 Nxe1 33. f6 Re8 34. Bf5+ Kh8 35. c4 Re5
0-1

[Event "BUKOWINA"]
[Site "SchemingMind.com"]
[Date "2007.11.25"]
[Round "-"]
[White "jtrochez1"]
[Black "GrischukFan"]
[Result "0-1"]
[WhiteCountry "HON"]
[BlackCountry "GER"]
[WhiteElo "1511"]
[WhiteRD "50"]
[BlackElo "2347"]
[BlackRD "85"]
[GameID "130471"]

1. e4 c5 2. Nf3 d6 3. d4 cxd4 4. Nxd4 Nf6 5. Nc3 a6 6. h3 g6 7. Be3 Bg7 8. Bd3 Nc6 9. Nce2 O-O 10. Nxc6 bxc6
11. c3 Rb8 12. Rb1 Qc7 13. Nf4 e5 14. Ne2 Be6 15. b3 d5 16. Ng3 Rfd8 17. Qf3 dxe4 18. Bxe4 Nd5 19. Bd2 f5 20. O-O fxe4
21. Nxe4 Rf8 22. Qe2 Nf4 23. Bxf4 exf4 24. f3 Qb6+ 25. Kh1 Bf5 26. c4 Rbe8 27. Qf2 Qxf2 28. Rxf2 Bxe4 29. fxe4 Rxe4 30. Rd1 Rfe8
31. Kg1 Bd4
0-1

[Event "BUKOWINA"]
[Site "SchemingMind.com"]
[Date "2007.11.25"]
[Round "-"]
[White "SLAINTIE MHATH"]
[Black "Konan_Kaddosh"]
[Result "0-1"]
[WhiteCountry "POL"]
[BlackCountry "ITA"]
[WhiteElo "1702"]
[WhiteRD "68"]
[BlackElo "2444"]
[BlackRD "56"]
[GameID "130472"]

1. d4 Nf6 2. Nc3 d5 3. Bg5 Nbd7 4. e3 e6 5. a3 Be7 6. Bd3 c5 7. Bb5 a6 8. Bxd7+ Bxd7 9. Nf3 h6 10. Bf4 Nh5
11. Be5 f6 12. Nh4 O-O 13. Ng6 fxe5 14. Nxf8 Bxf8 15. Qxh5 cxd4 16. exd4 exd4 17. Ne2 Qa5+ 18. b4 Bxb4+ 19. Kf1 Rf8 20. Qe5 Bc5
21. Nf4 Qc3 22. Rc1 Bb5+ 23. Kg1 Qd2 24. Qxe6+ Kh7 25. g3 d3 26. Qe1 Bxf2+ 27. Qxf2 Qxc1+ 28. Kg2 d2 29. Qc5 Qxh1+ 30. Kxh1 d1=Q+
31. Kg2 Qf1#
0-1

[Event "BUKOWINA"]
[Site "SchemingMind.com"]
[Date "2007.11.27"]
[Round "-"]
[White "holandes"]
[Black "Lazaro"]
[Result "1-0"]
[WhiteCountry "POR"]
[BlackCountry "CUB"]
[WhiteElo "1512"]
[WhiteRD "99"]
[BlackElo "1595"]
[BlackRD "46"]
[GameID "130473"]

1. e4 c5 2. c3 Nf6 3. Bd3 Nc6 4. Bc2 d5 5. d3 dxe4 6. dxe4 Qxd1+ 7. Bxd1 Nxe4 8. f3 Nf6 9. Na3 a6 10. Be3 e6
11. Nc4 b5 12. Na3 Bb7 13. Ne2 Be7 14. O-O Nd5 15. Bf2 O-O 16. Bc2 c4 17. b4 cxb3 18. axb3 Rac8 19. c4
1-0

[Event "BUKOWINA"]
[Site "SchemingMind.com"]
[Date "2007.11.25"]
[Round "-"]
[White "GrischukFan"]
[Black "jtrochez1"]
[Result "1-0"]
[WhiteCountry "GER"]
[BlackCountry "HON"]
[WhiteElo "2347"]
[WhiteRD "85"]
[BlackElo "1511"]
[BlackRD "50"]
[GameID "130479"]

1. e4 e5 2. Nf3 d6 3. d4 exd4 4. Nxd4 c6 5. Be2 Nf6 6. Nc3 Be7 7. O-O O-O 8. Be3 Bd7 9. Qd2 c5 10. Ndb5 Bxb5
11. Bxb5 a6 12. Bc4 b5 13. Bd5 Ra7 14. a3 Nxd5 15. Nxd5 Nc6 16. Rad1 Bf6 17. Nxf6+ Qxf6 18. Qxd6 Qxd6 19. Rxd6 Rc8 20. Bxc5 Raa8
21. Rfd1 Ne5 22. R6d5 Ng6 23. g3 Re8 24. f3 h6 25. c3 f6 26. Kf2 Ne7 27. Bxe7 Rxe7 28. Rd8+ Rxd8 29. Rxd8+ Kf7 30. Ke3 g5
31. Rd6 Ra7 32. Kd4 Kg7 33. Kc5 Kf7 34. Kb6 Re7 35. Kxa6
1-0

[Event "BUKOWINA"]
[Site "SchemingMind.com"]
[Date "2007.11.25"]
[Round "-"]
[White "Konan_Kaddosh"]
[Black "SLAINTIE MHATH"]
[Result "1-0"]
[WhiteCountry "ITA"]
[BlackCountry "POL"]
[WhiteElo "2444"]
[WhiteRD "56"]
[BlackElo "1702"]
[BlackRD "68"]
[GameID "130480"]

1. e4 d6 2. d4 a6 3. Nf3 Bg4 4. Nc3 h6 5. Be3 e6 6. h3 Bh5 7. Bc4 Nf6 8. O-O Be7 9. d5 e5 10. Be2 g5
11. Nd2 Bxe2 12. Qxe2 Rg8 13. a4 g4 14. Kh2 Bf8 15. Rh1 gxh3 16. gxh3 Ng4+ 17. hxg4 Qh4+ 18. Kg2 Rxg4+ 19. Kf3 Rf4+ 20. Bxf4 Qxf4+
21. Kg2 Nd7 22. Rh3 O-O-O 23. Nc4 Be7 24. Qe3 Rg8+ 25. Rg3 Rxg3+ 26. fxg3 Qxe3 27. Nxe3 Bg5 28. Nf5 Nf6 29. Rh1 h5 30. Ng7 Ng4
31. Rxh5 Bf6 32. Kf3 Bxg7 33. Kxg4 Kd7 34. Rh7 Bf8 35. Rxf7+ Be7 36. Rxe7+ Kxe7 37. Kf5 Kf7 38. g4 Kg7 39. Ke6 Kg6 40. Kd7
1-0

[Event "BUKOWINA"]
[Site "SchemingMind.com"]
[Date "2007.11.28"]
[Round "-"]
[White "Lazaro"]
[Black "holandes"]
[Result "0-1"]
[WhiteCountry "CUB"]
[BlackCountry "POR"]
[WhiteElo "1595"]
[WhiteRD "46"]
[BlackElo "1512"]
[BlackRD "99"]
[GameID "130481"]

1. d4 e6 2. c4 Nf6 3. Nc3 Bb4 4. Bg5 c6 5. Nf3 Qc7 6. Bxf6 gxf6 7. e3 d5 8. cxd5 cxd5 9. Rc1 a6 10. Bd3 Nc6
11. O-O Ba5 12. a3 Bd7 13. b4 Bb6 14. Na4 Rg8 15. Nc5 O-O-O
0-1

[Event "BUKOWINA"]
[Site "SchemingMind.com"]
[Date "2007.11.26"]
[Round "-"]
[White "italo-5"]
[Black "maro"]
[Result "0-1"]
[WhiteCountry "ITA"]
[BlackCountry "MEX"]
[WhiteElo "1086"]
[WhiteRD "154"]
[BlackElo "1238"]
[BlackRD "89"]
[GameID "130564"]

1. e4 e5 2. Nf3 Nc6 3. Bb5 a6 4. Ba4 b5 5. Bb3 Nf6 6. O-O Nxe4 7. Re1 Bc5 8. Rxe4 d5 9. Re1 O-O 10. Nxe5 Nxe5
11. Rxe5 Qf6 12. d4 Ba7 13. c3 Qh4 14. Bxd5 Bg4 15. f3 Bd7 16. Bxa8 Rxa8 17. Bg5 Qh5 18. Nd2 f6 19. Bxf6 Qg6 20. Bh4 c5
21. Nb3 Rd8 22. Bxd8 c4 23. Nc5 Bh3 24. Qe2 Bb8
0-1

[Event "BUKOWINA"]
[Site "SchemingMind.com"]
[Date "2007.11.27"]
[Round "-"]
[White "maro"]
[Black "italo-5"]
[Result "1-0"]
[WhiteCountry "MEX"]
[BlackCountry "ITA"]
[WhiteElo "1238"]
[WhiteRD "89"]
[BlackElo "1086"]
[BlackRD "154"]
[GameID "130588"]

1. Nf3 Nf6 2. d4 g6 3. e3 Bg7 4. Bc4 O-O 5. d5 d6 6. O-O c6 7. Nc3 cxd5 8. Nxd5 Nxd5 9. Qxd5 e6 10. Qb5 d5
11. Bb3 b6 12. Qb4 Nc6 13. Qc4 dxc4 14. Bxc4 Ne5 15. Bb5 Nxf3+ 16. gxf3 Bb7 17. e4 Rc8 18. c3 a6 19. Be2 Qc7 20. f4 Qc6
21. Bf3 e5 22. Be3 f5 23. Bg2 Bh6 24. fxe5 Bxe3 25. fxe3
1-0

[Event "BUKOWINA"]
[Site "SchemingMind.com"]
[Date "2008.01.08"]
[Round "-"]
[White "GrischukFan"]
[Black "flodur"]
[Result "1-0"]
[WhiteCountry "GER"]
[BlackCountry "AUS"]
[WhiteElo "2340"]
[WhiteRD "84"]
[BlackElo "1950"]
[BlackRD "101"]
[GameID "136087"]

1. e4 e5 2. Nf3 Nc6 3. Bb5 a6 4. Ba4 Nf6 5. O-O Be7 6. Re1 b5 7. Bb3 O-O 8. c3 d6 9. h3 Na5 10. Bc2 c5
11. d4 Qc7 12. Nbd2 cxd4 13. cxd4 Bb7 14. Nf1 Rac8 15. Re2 d5 16. Nxe5 dxe4 17. Ng3 Rfd8 18. Be3 g6 19. Rc1 Qb8 20. Bf4 Qa8
21. Bg5 Nc6 22. Nxc6 Bxc6 23. Nxe4 Bxe4 24. Bxe4 Rxc1 25. Qxc1 Nxe4 26. Bxe7 Rxd4 27. Rc2
1-0

[Event "BUKOWINA"]
[Site "SchemingMind.com"]
[Date "2008.01.08"]
[Round "-"]
[White "flodur"]
[Black "GrischukFan"]
[Result "0-1"]
[WhiteCountry "AUS"]
[BlackCountry "GER"]
[WhiteElo "1973"]
[WhiteRD "99"]
[BlackElo "2339"]
[BlackRD "87"]
[GameID "136093"]

1. e4 c5 2. Nf3 e6 3. d4 cxd4 4. Nxd4 Nf6 5. Nc3 d6 6. g4 h6 7. h4 Nc6 8. Rg1 h5 9. gxh5 Nxh5 10. Bg5 Nf6
11. Rg3 a6 12. Nxc6 bxc6 13. Qf3 Rb8 14. O-O-O Qb6 15. b3 Nh5 16. Rg1 Qa5 17. Kb1 g6 18. Be2 Bb7 19. Qd3 Qc7 20. Bxh5 Rxh5
21. e5 d5 22. Ne2 Be7 23. Nf4 Rxg5 24. hxg5 Qxe5 25. Qe3 Qxe3 26. fxe3 e5 27. Nd3 e4 28. Ne5 Bd6 29. Ng4 Ke7 30. Rh1 a5
31. Rdf1 Bc8 32. Nh6 Be6 33. Kc1 a4 34. bxa4 Ra8 35. Kd2 Rxa4 36. Rb1 Bb4+ 37. Ke2 c5 38. Rb2 f6 39. gxf6+ Kxf6 40. Rg1 d4
41. Ng4+ Kf5 42. exd4 cxd4 43. Nf2 Bc4+ 44. Kd1 Bc3 45. Rb1 Rxa2 46. Nxe4 Kxe4 47. Rxg6 d3 48. Rg2 Kf3 49. Rh2 Bb3
0-1

[Event "BUKOWINA"]
[Site "SchemingMind.com"]
[Date "2008.02.13"]
[Round "-"]
[White "Konan_Kaddosh"]
[Black "Schaakmaatje"]
[Result "1-0"]
[WhiteCountry "ITA"]
[BlackCountry "NED"]
[WhiteElo "2480"]
[WhiteRD "58"]
[BlackElo "1746"]
[BlackRD "45"]
[GameID "141352"]

1. e4 e6 2. d4 d5 3. Nc3 Nf6 4. e5 Nfd7 5. f4 c5 6. Nf3 Nc6 7. Be3 cxd4 8. Nxd4 Bc5 9. Qd2 Qb6 10. Na4 Bb4
11. c3 Qa5 12. cxb4 Qxa4 13. Nc2 d4 14. b3 dxe3 15. Qc3
1-0

[Event "BUKOWINA"]
[Site "SchemingMind.com"]
[Date "2008.02.13"]
[Round "-"]
[White "Schaakmaatje"]
[Black "Konan_Kaddosh"]
[Result "0-1"]
[WhiteCountry "NED"]
[BlackCountry "ITA"]
[WhiteElo "1755"]
[WhiteRD "46"]
[BlackElo "2492"]
[BlackRD "59"]
[GameID "141364"]

1. d4 Nf6 2. Bg5 Ne4 3. Bh4 c5 4. f3 g5 5. fxe4 gxh4 6. e3 Bh6 7. Kf2 cxd4 8. exd4 Nc6 9. Nc3 d6 10. Nf3 Bg4
11. a3 a6 12. Bc4 e6 13. Qd3 h3 14. d5 Qb6+ 15. Ke2 Ne5
0-1

[Event "BUKOWINA"]
[Site "SchemingMind.com"]
[Date "2008.02.20"]
[Round "-"]
[White "holandes"]
[Black "ypsilonalpha"]
[Result "0-1"]
[WhiteCountry "POR"]
[BlackCountry "ROU"]
[WhiteElo "1475"]
[WhiteRD "97"]
[BlackElo "1779"]
[BlackRD "97"]
[GameID "142723"]

1. e4 c5 2. Nf3 d6 3. d4 cxd4 4. Qxd4 Nf6 5. e5 dxe5 6. Qxd8+ Kxd8 7. Nxe5 Be6 8. Be3 Nbd7 9. Nxd7 Bxd7 10. Nc3 e6
11. O-O-O Bb4 12. Nb5 Ke7 13. Bg5 Rhd8 14. c3 Bc5 15. f3 h6 16. Bf4 Nd5 17. Bg3 a6 18. Nd4 Ba4 19. Nb3 Be3+ 20. Kb1 Nxc3+
0-1

[Event "BUKOWINA"]
[Site "SchemingMind.com"]
[Date "2008.02.21"]
[Round "-"]
[White "ypsilonalpha"]
[Black "holandes"]
[Result "1-0"]
[WhiteCountry "ROU"]
[BlackCountry "POR"]
[WhiteElo "1779"]
[WhiteRD "97"]
[BlackElo "1475"]
[BlackRD "97"]
[GameID "142729"]

1. c4 Nf6 2. d4 e6 3. Nc3 d5 4. Bg5 Be7 5. e3 c6 6. c5 b6 7. b4 a5 8. a3 Nbd7 9. Nf3 Bb7 10. Ne5 axb4
11. axb4 bxc5 12. Nxd7 Nxd7 13. Bxe7 Qxe7 14. bxc5 O-O 15. Bd3 Rxa1 16. Qxa1 Ra8 17. Qb1 Nf6 18. O-O g6 19. Qb6 Ne8 20. Rb1 Rb8
21. Ba6 Bxa6 22. Qxb8 Bd3 23. Rb7 Qf8 24. Qc8
1-0

[Event "BUKOWINA"]
[Site "SchemingMind.com"]
[Date "2008.02.27"]
[Round "-"]
[White "Tahur"]
[Black "maro"]
[Result "1-0"]
[WhiteCountry "ARG"]
[BlackCountry "MEX"]
[WhiteElo "1979"]
[WhiteRD "54"]
[BlackElo "1249"]
[BlackRD "84"]
[GameID "143715"]

1. e4 e5 2. Nf3 d6 3. d4 Nc6 4. d5 Na5 5. b4 Nc6 6. dxc6 bxc6 7. c3 Bb7 8. Bc4 d5 9. exd5 cxd5 10. Qa4+ c6
11. Ba6 Qc7 12. Bxb7 Qxb7 13. Nxe5 Bd6 14. Nxc6 Qd7 15. O-O Nf6 16. Re1+ Kf8 17. b5 g6 18. Qd4 Kg7 19. Bg5 Qf5 20. Bxf6+ Qxf6
21. Qxf6+ Kxf6 22. Rd1 Rhe8 23. g3 a6 24. Rxd5 Re6 25. b6 Rc8 26. b7 Rxc6 27. Rxd6 Rb6 28. Rd7 Re7 29. Rd6+ Re6 30. Rd7 Re8
31. Nd2 Ke6 32. Rc7 Rb8 33. Re1+ Kd6 34. Ree7
1-0

[Event "BUKOWINA"]
[Site "SchemingMind.com"]
[Date "2008.02.27"]
[Round "-"]
[White "maro"]
[Black "Tahur"]
[Result "0-1"]
[WhiteCountry "MEX"]
[BlackCountry "ARG"]
[WhiteElo "1249"]
[WhiteRD "84"]
[BlackElo "1979"]
[BlackRD "54"]
[GameID "143721"]

1. e4 c5 2. Nc3 Nc6 3. b3 Nf6 4. Nf3 d5 5. d3 d4 6. Na4 b5 7. Nxc5 e5 8. b4 Nxb4 9. Nxe5 Bxc5 10. c3 dxc3
11. a3 c2 12. Qd2 Qd4 13. Rb1 cxb1=Q
0-1

[Event "BUKOWINA"]
[Site "SchemingMind.com"]
[Date "2008.03.26"]
[Round "-"]
[White "ypsilonalpha"]
[Black "Konan_Kaddosh"]
[Result "0-1"]
[WhiteCountry "ROU"]
[BlackCountry "ITA"]
[WhiteElo "1704"]
[WhiteRD "95"]
[BlackElo "2496"]
[BlackRD "63"]
[GameID "147578"]

1. e4 c5 2. Nf3 Nc6 3. Bc4 d6 4. d4 cxd4 5. Nxd4 Nf6 6. Nc3 Qb6 7. Nxc6 bxc6 8. Bb3 g6 9. Be3 Qa5 10. O-O Bg7
11. Bd4 O-O 12. e5 dxe5 13. Be3 Bf5 14. Qe2 Nd5 15. Nxd5 cxd5 16. c3 d4 17. Bd2 d3 18. Qe3 Rfd8 19. h3 Rab8 20. g4 Bc8
21. f4 e6 22. fxe5 Bxe5 23. Qf3 Rd7 24. Bf4 Rb5 25. Qc6 Rc5 26. Qf3 Bb7 27. Qg3 Bxf4 28. Qxf4 Re5 29. Rad1 Qc5+ 30. Rf2 Re3
31. Kh2 g5 32. Qf6 Re2 33. Rf1 Qd6+ 34. Kg1 Qg3+ 35. Rg2 Qxg2#
0-1

[Event "BUKOWINA"]
[Site "SchemingMind.com"]
[Date "2008.03.25"]
[Round "-"]
[White "Konan_Kaddosh"]
[Black "ypsilonalpha"]
[Result "1-0"]
[WhiteCountry "ITA"]
[BlackCountry "ROU"]
[WhiteElo "2496"]
[WhiteRD "63"]
[BlackElo "1704"]
[BlackRD "95"]
[GameID "147580"]

1. d4 f5 2. g3 d5 3. Bg2 e6 4. Nf3 Nc6 5. O-O Nf6 6. c4 Bb4 7. c5 b6 8. a3 bxc5 9. axb4 cxb4 10. Qc2 Bd7
11. Nbd2 a5 12. Nb3 Ne4 13. Bf4 g5 14. Ne5 Nxe5 15. Bxe5 Rg8 16. Bxe4 dxe4 17. Nxa5 Rc8 18. Rfc1 f4 19. Nb7 Qe7 20. Qxe4 fxg3
21. fxg3 h5 22. Rxc7 h4 23. Nd6+ Kf8 24. Qf3+ Qf6 25. Qxf6#
1-0

[Event "BUKOWINA"]
[Site "SchemingMind.com"]
[Date "2008.05.27"]
[Round "-"]
[White "Tahur"]
[Black "GrischukFan"]
[Result "0-1"]
[WhiteCountry "ARG"]
[BlackCountry "GER"]
[WhiteElo "2005"]
[WhiteRD "60"]
[BlackElo "2359"]
[BlackRD "89"]
[GameID "156570"]

1. e4 c5 2. Nf3 d6 3. d4 cxd4 4. Nxd4 Nf6 5. Nc3 a6 6. Bg5 e6 7. Bc4 Be7 8. h4 b5 9. Be2 b4 10. Nb1 Nxe4
11. Bxe7 Qxe7 12. Bf3 Bb7 13. Nd2 Nxd2 14. Qxd2 Bxf3 15. Nxf3 Nc6 16. O-O-O d5 17. Rhe1 O-O 18. g4 a5 19. Qf4 Qc5 20. Rd2 a4
21. Ne5 a3 22. Nxc6 axb2+ 23. Kxb2 Qc3+ 24. Kb1 Rxa2 25. Ne7+ Kh8
0-1

[Event "BUKOWINA"]
[Site "SchemingMind.com"]
[Date "2008.05.27"]
[Round "-"]
[White "GrischukFan"]
[Black "Tahur"]
[Result "1-0"]
[WhiteCountry "GER"]
[BlackCountry "ARG"]
[WhiteElo "2358"]
[WhiteRD "91"]
[BlackElo "1981"]
[BlackRD "58"]
[GameID "156583"]

1. d4 d5 2. c4 c6 3. Nf3 Nf6 4. Nc3 dxc4 5. a4 Bf5 6. Ne5 Nbd7 7. Nxc4 e6 8. f3 Bb4 9. e4 Nxe4 10. fxe4 Qh4+
11. Kd2 Bxe4 12. Qe1 Qxe1+ 13. Kxe1 Bc2 14. Bf4 O-O 15. Bd6 Bxd6 16. Nxd6 b6 17. Kd2 Bg6 18. Bd3 Bxd3 19. Kxd3 c5 20. Rhd1 Rad8
21. Ke2 cxd4 22. Rxd4 e5 23. Rd2 Nc5 24. Rad1 f6 25. Nde4 Rxd2+ 26. Rxd2 Ne6 27. Rd7 Rf7 28. Rxf7 Nd4+ 29. Kd3 Kxf7 30. Nd6+ Ke6
31. Nc8 Nc6 32. Nb5 a6 33. Nc3 Nb4+ 34. Kc4 Nc2 35. Nxb6 Ne3+ 36. Kb4 Nxg2 37. Ka5 f5 38. Kxa6 f4 39. a5 f3 40. Ne4 Kf5
41. Ng3+ Ke6 42. Kb7 e4 43. Nxe4 Ke5 44. Ng3 Nf4 45. a6 Ne2 46. Nf1 f2 47. a7 Nd4 48. a8=Q Nf5 49. Qe8+ Kf4 50. Nd5+ Kf3
51. Qh5+ Ke4 52. Qxh7 Ke5 53. Qxf5+ Kxf5 54. b4 Ke4 55. Kc6 Kf3 56. b5 Kg2 57. Nde3+
1-0

[Event "BUKOWINA"]
[Site "SchemingMind.com"]
[Date "2008.07.26"]
[Round "-"]
[White "GrischukFan"]
[Black "Konan_Kaddosh"]
[Result "0-1"]
[WhiteCountry "GER"]
[BlackCountry "ITA"]
[WhiteElo "2150"]
[WhiteRD "77"]
[BlackElo "2617"]
[BlackRD "65"]
[GameID "164345"]

1. e4 c5 2. Nf3 Nc6 3. Bb5 e6 4. O-O Nge7 5. Re1 a6 6. Bf1 d5 7. exd5 Nxd5 8. d4 Nf6 9. Be3 Nd5 10. Bg5 f6
11. Bh4 Nde7 12. Nbd2 cxd4 13. Bc4 e5 14. Nxe5 fxe5 15. Qh5+ g6 16. Qf3 Bf5 17. g4 Bh6 18. gxf5 Bxd2 19. f6 g5 20. fxe7 Qxe7
21. Re2 gxh4 22. Qh5+ Kd7 23. Rxd2 Qf6 24. Re1 Qf4 25. Qf7+ Qxf7 26. Bxf7 Raf8 27. Bd5 Kd6 28. Be4 Rhg8+ 29. Kf1 h6 30. f3 h3
31. c3 Kc7 32. Rd3 Rg5 33. Re2 Rf4 34. b3 Kb6 35. Bxc6 Kxc6 36. Re4 dxc3 37. Rxc3+ Kd5 38. Rd3+ Ke6 39. Rde3 Kf6 40. a4 h5
41. a5= Kg6
0-1

[Event "BUKOWINA"]
[Site "SchemingMind.com"]
[Date "2008.07.26"]
[Round "-"]
[White "Konan_Kaddosh"]
[Black "GrischukFan"]
[Result "1-0"]
[WhiteCountry "ITA"]
[BlackCountry "GER"]
[WhiteElo "2598"]
[WhiteRD "63"]
[BlackElo "2248"]
[BlackRD "86"]
[GameID "164351"]

1. d4 Nf6 2. c4 e6 3. Nf3 b6 4. g3 Ba6 5. Qa4 Bb7 6. Bg2 c5 7. dxc5 Bxc5 8. O-O O-O 9. Nc3 Na6 10. a3 Be7
11. b4 Nc7 12. Rd1 d5 13. Nd4 a6 14. Nc6 Bxc6 15. Qxc6 Nce8 16. Na4 Nd7 17. cxd5 Rc8 18. dxe6 Rxc6 19. Bxc6 Qc7 20. Bxd7 b5
21. Bf4 Qc2 22. Nb6 fxe6 23. Bxe6+ Kh8 24. Be3 Qg6 25. Bd5 Nf6 26. Bf3 Rd8 27. Rac1 Rxd1+ 28. Rxd1 h6 29. Rc1 Ng4 30. Bd4 h5
31. Kg2 h4 32. Rc8+ Kh7 33. h3 Nf6 34. g4 Ne4 35. Rc7 Qe6 36. Nd5 Bf8 37. Nf4 Qe8 38. Nh5 Kg8 39. Nxg7
1-0